Gardening in the tropics
| Main Author: | |
|---|---|
| Other Authors: | |
| Format: | Book |
| Published: |
Singapore :
Times Editions ,
1995 (1991)
|
| Subjects: |
MARC
| LEADER | 00000cam a2200000 7i4500 | ||
|---|---|---|---|
| 001 | 0000000460 | ||
| 005 | 20000821.0 | ||
| 020 | 0 | 0 | |a 9812041990 |
| 090 | 0 | 0 | |a R635 |b HOL 1995 |
| 100 | 1 | 0 | |a HOLTTUM |h R. E. |
| 245 | 1 | 0 | |a Gardening in the tropics |c R. E. Holttum, Ivan Enoch |
| 260 | 0 | 0 | |a Singapore : |b Times Editions , |c 1995 (1991) |
| 300 | |a viii, 384 p. : |b col. ill. ; |c 29 cm. | ||
| 500 | 0 | 0 | |a Includes index |
| 650 | 0 | 0 | |a Gardening |
| 700 | 0 | 1 | |a Enoch |h Ivan |
| 999 | |a 0000000518 |b Monograph |c Reference |e Default branch | ||